Statistics for Football Players by Picture #9 - Italy

Click here to take the quiz!

General Stats

  • This quiz has been taken 190 times
  • The average score is 13 of 16

Answer Stats

Answer% Correct
Gianluigi Buffon
99%
Giorgio Chiellini
94%
Francesco Totti
93%
Paolo Maldini
93%
Andrea Pirlo
93%
Gennaro Gattuso
89%
Alessandro Del Piero
83%
Filippo Inzaghi
80%
Daniele De Rossi
80%
Leonardo Bonucci
79%
Roberto Baggio
78%
Fabio Cannavaro
77%
Alessandro Nesta
74%
Marco Materazzi
60%
Dino Zoff
55%
Gianluca Zambrotta
53%

Score Distribution

Percentile by Number Answered

Percent of People with Each Score

Your Score History

You have not taken this quiz